Регионална библиотека "Любен Каравелов" - Русе

Вратата Рашомон (Запис номер 120245)

MARC детайли
000 -Лидер
Контролно поле с фиксирана дължина 01339nam a2200313 c 4500
003 - Код на организацията, давaща контролен номер
Контролно поле BLK
005 - Дата и час на последна редакция
Контролно поле 20180420231446.0
008 - Елементи от данни с фиксирана дължина
fixed length control field 180409b bul|||||r ||||||| ||bul||
010 ## - Наследен системен номер
LC control number KNG00125861000
040 ## - Източник на каталожния запис
Идентификатор на билиотеката - собственик на записа BLK
041 ## - Код за език
Код за езика на текст/звукозапис или на отделно заглавие Български
Код за езика КДБФ Български
080 ## - УДК
Текстов определител УДК Японска литература
УДК код - определител по УДК 821.521
УДК определител -32
УДК - код + определител 821.521-32
100 1# - Редна дума - Автор
Автор Акутагава Рюносуке
Авторска отговорност първи автор
R(LIN) 29919
139 ## - Редно поле
Редна дума Акутагава Рюносуке
Авторски знак Акт - А 45
245 10 - Сведения за заглавието
Заглавие Вратата Рашомон
Подзаглавни данни Разкази
Редно поле (дума) Акутагава Рюносуке; прев. от япон. Силвия Попова-Милева; * Рюносуке Акутагава.
257 ## - Страна на издаване
Страна на създаване/издаване Япония
260 ## - Област на издателските данни
-- София
Име на издателя, разпространителя и проч. Профиздат
Година на издаване 1979
300 ## - Физическа характеристика
Страници 192 с.
Размери/Мащаб 16 см
380 ## - Жанр
Жанр Худож. лит.
490 1# - СЕРИИ (Колекции)
Име на серия Библиотека Факел
500 ## - Общи забележки
Забележка В кн. авт. погрешно означен Рюносуке Акутагава. - Ориг. загл. на япон. ез.
700 1# - Други автори (авторска отговорност)
Лично име Попова-Милева, Силвия
Автороска отговорност (Описва отношението между автора и произведението) прев. от япон.
9 (RLIN) 316580
700 1# - Други автори (авторска отговорност)
Лично име Рюносуке Акутагава
Автороска отговорност (Описва отношението между автора и произведението) *
9 (RLIN) 118003
852 ## - Местоположение
Форматна сигнатура Цб І 17575
856 4# - Електронен адрес и достъп
Електронен формат pdf - файл
Път до файла /url/
856 4# - Електронен адрес и достъп
Електронен формат pdf - файл
Път до файла /url/
942 ## - АРТИКУЛИ
Вид на библиотечния материал Книги
Скрит в OPAC Не
944 ## - СЪЗДАВАНЕ И РЕДАКЦИЯ на ЗАПИСА
Създаване/Редакция Създаване
Дата на регистрацията/редакция 10.10.2011
Статус, дата на статуса 10.10.2011 - от С1,Р / 10.10.2011
Служител, извършил регистрацията/редакцията Кети_Илиева
944 ## - СЪЗДАВАНЕ И РЕДАКЦИЯ на ЗАПИСА
Създаване/Редакция Редакция
Дата на регистрацията/редакция 10.10.2011
Статус, дата на статуса 10.10.2011 - от С1,Р / 10.10.2011
Служител, извършил регистрацията/редакцията
999 ## - СИСТЕМНИ КОНТРОЛНИ НОМЕРА
Koha biblionumber 120245
Koha biblioitemnumber 120245
Наличности
Код за отписване Код за изгубен артикул Източник на класификационната схема Код за повреда Коз за рестрикции Код за отдаване Артикулен № Име на библиотеката - собственик Име на библиотеката, в която се намира в момента Статус (Текущо местоположение) Дата на вписване в системата Местоположение - отдел Цена в лева Инвентарен номер Систематично азбучна сигнатура Баркод Номер на екземпляра Цена в евро Служебна бележка Служебен тип на артикула
  Не е изгубен Universal Decimal Classification Не е повреден само за читалня ползва се в читалня 194165 Регионална библиотека "Любен Каравелов" Русе Регионална библиотека "Любен Каравелов" Русе Хранилище 1979-01-01 Хранилище 1.00 291823 Цб І 17575 120000291823 1 0.51 Вид: Сф Дата: 01.01.1979 Книги
Изтеглен Не е изгубен Universal Decimal Classification Не е повреден без рестрикции заемане за дома 194166 Регионална библиотека "Любен Каравелов" Русе Регионална библиотека "Любен Каравелов" Русе Заемна - подръчен фонд 1979-01-01 Заемна - подръчен фонд 1.00 293850 П 895-32/А 45 293850 2 0.51 Вид: Сф Дата: 01.01.1979 Книги
Изтеглен Не е изгубен Universal Decimal Classification Не е повреден без рестрикции заемане за дома 194167 Регионална библиотека "Любен Каравелов" Русе Регионална библиотека "Любен Каравелов" Русе Заемна - подръчен фонд 1979-01-01 Заемна - подръчен фонд 1.00 293851 П 895-32/А 45 293851 3 0.51 Вид: Сф Дата: 01.01.1979 Дата инв: 21.03.2018 Бележки инв: П2018 Книги
Изтеглен Не е изгубен Universal Decimal Classification Не е повреден без рестрикции заемане за дома 194168 Регионална библиотека "Любен Каравелов" Русе Регионална библиотека "Любен Каравелов" Русе Заемна - подръчен фонд 1979-01-01 Заемна - подръчен фонд 1.00 293861 П 895-32/А 45 293861 4 0.51 Вид: Сф Дата: 01.01.1979 Книги
Vip Innovations Ltd, Rousse, Bulgaria 2025